LEADER 03611nam 2200445 450 001 9910476818103321 005 20230512164822.0 035 $a(CKB)5470000000566375 035 $a(NjHacI)995470000000566375 035 $a(EXLCZ)995470000000566375 100 $a20230512d2006 uy 0 101 0 $aeng 135 $aur||||||||||| 181 $ctxt$2rdacontent 182 $cc$2rdamedia 183 $acr$2rdacarrier 200 10$aGroup of Seven $eFinance Ministries, Central Banks and Global Financial Governance /$fAndrew Baker 205 $aFirst edition. 210 1$aLondon :$cTaylor & Francis,$d2006. 215 $a1 online resource (xvi, 295 pages) $cillustrations 225 1 $aRoutledge/Warwick studies in globalisation 300 $aIncludes index. 311 $a1-134-25633-7 327 $aIntroduction : The Group of Seven and global financial governance -- The evolution of the Group of Seven and the re-emergence of global finance : the historical context -- Situating the Group of Seven in a context of decentralized financial globalization : a four-dimensional framework -- The Group of Seven and the politics of financial ideas : the durability of the economic consensus of the 1990s -- The Group of Seven as a multi-spatial transgovernmental actor in world politics : four-dimensional diplomacy in practice -- The Group of Seven and macroeconomic governance : discourse, declaratory policy and market supremacy -- The Group of Seven and the global financial architecture : the institutional and ideational foundations of market supremacy -- Conclusions : Global financial governance and the Group of Seven as a senior transgovernmental coalition. 330 $aWe are now in the era of the G8, although the G7 still exists as a grouping for Finance Ministers. Why do G7 finance ministries and central banks co-operate? What are the implications of this co-operation for US power and the abilities of the other six states to exercise leadership? What role do the G7 play in global financial governance? How much authority do they possess and how is that authority exercised? This is the first major monograph on the political economy of G7 finance ministry and central bank co-operation. It argues that to understand the contribution of the G7 to global financial governance it is necessary to locate the process in the context of a wider world financial order comprised of decentralized globalization. It also provides original case study material on the G7's contribution to macroeconomic governance and to debates on the global financial architecture over the last decade. It assesses the G7's role in producing a system of global financial governance based on market supremacy and technocratic transgovernmental consensus and articulates normative criticisms of the G7's exclusivity. For researchers in the fields of IR/IPE generally, postgraduate students in the field of international organization and global governance, policy makers and financial journalists this is the most extensive analysis of the G7 and the political economy of global financial governance to date. 410 0$aRoutledge/Warwick studies in globalisation. 606 $aBanks and banking, Central 606 $aMonetary policy 606 $aInternational finance 615 0$aBanks and banking, Central. 615 0$aMonetary policy. 615 0$aInternational finance. 676 $a332.0 700 $aBaker$b Andrew$0115379 801 0$bNjHacI 801 1$bNjHacl 906 $aBOOK 912 $a9910476818103321 996 $aGroup of Seven$93363382 997 $aUNINA LEADER 01205nam a22003375i 4500 001 991002228929707536 007 cr nn 008mamaa 008 121227s1991 de | s |||| 0|eng d 020 $a9783540463962 035 $ab14141322-39ule_inst 040 $aBibl. Dip.le Aggr. Matematica e Fisica - Sez. Matematica$beng 082 04$a512.55$223 082 04$a512.482$223 084 $aAMS 11H06 084 $aAMS 22-02 084 $aAMS 22A10 100 1 $aBanaszczyk, Wojciech$059914 245 10$aAdditive subgroups of topological vector spaces$h[e-book] /$cby Wojciech Banaszczyk 260 $aBerlin :$bSpringer,$c1991 300 $a1 online resource (vii, 182 p.) 440 0$aLecture Notes in Mathematics,$x0075-8434 ;$v1466 650 0$aMathematics 650 0$aTopological Groups 650 0$aGlobal analysis (Mathematics) 773 0 $aSpringer eBooks 856 40$uhttp://dx.doi.org/10.1007/BFb0089147$zAn electronic book accessible through the World Wide Web 907 $a.b14141322$b03-03-22$c05-09-13 912 $a991002228929707536 996 $aAdditive subgroups of topological vector spaces$978676 997 $aUNISALENTO 998 $ale013$b05-09-13$cm$d@ $e-$feng$gde $h0$i0 LEADER 01913nam 2200433I 450 001 9910712871603321 005 20200124100757.0 035 $a(CKB)5470000002497465 035 $a(OCoLC)1137375040 035 $a(EXLCZ)995470000002497465 100 $a20200124j198311 ua 0 101 0 $aeng 135 $aur||||||||||| 181 $ctxt$2rdacontent 182 $cc$2rdamedia 183 $acr$2rdacarrier 200 12$aA study of emissions from twenty high mileage 1980 model year passenger cars equipped with the GM 350 CID diesel engine /$fby Thomas C. Bejma 210 1$a[Ann Arbor, Mich.] :$cTest and Evaluation Branch, Emission Control Technology Division, Office of Mobile Sources, U.S. Environmental Protection Agency,$dNovember 1983. 215 $a1 online resource (7 pages) $cillustrations 300 $a"EPA-AA-TEB-84-1." 300 $a"November 1983." 606 $aGeneral Motors automobiles$xMotors$xExhaust gas$xTesting 606 $aDiesel motor exhaust gas$xTesting 606 $aDiesel motor exhaust gas$xStandards$zUnited States 606 $aExperimental automobiles$xTesting 606 $aGeneral Motors automobiles$xPollution control devices$xTesting 615 0$aGeneral Motors automobiles$xMotors$xExhaust gas$xTesting. 615 0$aDiesel motor exhaust gas$xTesting. 615 0$aDiesel motor exhaust gas$xStandards 615 0$aExperimental automobiles$xTesting. 615 0$aGeneral Motors automobiles$xPollution control devices$xTesting. 700 $aBejma$b Thomas C.$01404026 712 02$aUnited States.$bEnvironmental Protection Agency.$bOffice of Mobile Sources.$bTest and Evaluation Branch, 801 0$bGPO 801 1$bGPO 906 $aBOOK 912 $a9910712871603321 996 $aA study of emissions from twenty high mileage 1980 model year passenger cars equipped with the GM 350 CID diesel engine$93477788 997 $aUNINA